Responses for show #3791 - Monday, February 12, 2001

2001 International Championship semifinal game 1.
From the Las Vegas Hilton.

Contestants

Carsten Wiedemann, a journalist from Hellerup, Denmark

Sharon Eshel, a graduate student from Rosh Ha'ayin, Israel

Yuri Bershidski, a television producer from Moscow, Russia

Jeopardy! Round responses

AFRICAN CITIES
INTERNATIONAL CUISINE
IN GOD'S NAME
JULIO IGLESIAS
THE WORLD IN 1901
4-LETTER WORDS
    $100 5
Nairobi

Carsten!
    $100 1
Bread

Sharon
    $100 21
Odin

Yuri
    $100 26
Heart

Carsten!
    $100 10
Interracial marriage

Triple Stumper
    $100 16
Poco

Triple Stumper
    $200 6
Addis Ababa

Yuri
    $200 2
Cheese

Yuri
    $200 22
Egyptians

Sharon
    $200 27
Enrique Iglesias

Yuri
    $200 11
Boers

Sharon
    $200 17
Kiri

Yuri
    $300 7
Alexandria

Carsten!
    $300 3
Phyllo

Triple Stumper
    $300 23
Pan

Carsten!
    $300 28
(C: Who is John Denver?)

Willie Nelson

Carsten!
Triple Stumper
    $300 12
Edward VII

Carsten!
    $300 18
Hund

Carsten!
    $400 8
Khartoum

Carsten!
    $400 4
Wiener schnitzel

Carsten!
    $400 24
Sun

Sharon
    $400 29
(buzzer sounds - no previous warning given)

Tango

Yuri
    $400 13
Diphtheria

Triple Stumper
    $400 19
(S: What is fixe menu?)

Prix fixe

Sharon
Triple Stumper
    $800 9
Fez

Carsten!
    $500 15
Beef Stroganoff

Sharon
    $500 25
Mercury

Yuri
    $500 14
Baku

Yuri
    $500 20
Carl Jung

Yuri

Scores at the first commercial break (after clue 14):

Yuri Sharon Carsten!
$900 $300 $2,300

Scores at the end of the Jeopardy! Round:

Yuri Sharon Carsten!
$2,800 $1,000 $2,700

Double Jeopardy! Round responses

LITERATURE
THE PRESIDENT WHO...
TROPICANA
OPERA
20th CENTURY WOMEN
ART & ARTISTS
    $200 1
English

Yuri
    $200 26
Slobodan Milosevic

Carsten!
    $200 7
Pineapple

Sharon
    $200 2
Carmen

Yuri
    $200 21
Jacqueline Kennedy Onassis

Yuri
    $200 16
Vincent van Gogh

Carsten!
    $400 12
Simone de Beauvoir

Yuri
    $400 27
Taiwan

Carsten!
    $400 8
Jamaica

Yuri
    $400 3
Franz Schubert

Carsten!
    $400 22
Mother Teresa

Sharon
    $400 17
Homer

Triple Stumper
    $600 13
Nigeria

Yuri
    $4,500 28
F.W. de Klerk

Carsten!
    $600 9
(Y: What is the South Tropics?)

Tropic of Capricorn

Yuri
Triple Stumper
    $600 4
Eurydice

Yuri
    $600 23
(we have less than a minute to go...)

Margaret Thatcher

Sharon
    $600 18
(C: Who was Renoir?)

Claude Monet

YuriCarsten!
    $800 14
"The Name of the Rose"

Carsten!
    $800 29
(Y: Who is Ortega?)
(buzzer sounds)

Violeta Barrios de Chamorro

Yuri
Triple Stumper
    $800 10
(Y: What is the Nile?)
(C: What is the Zambezi?)

Congo

YuriCarsten!
Triple Stumper
    $800 5
The Merry Wives of Windsor

Carsten!
    $800 24
(Sharon: Who is...)

Sophia Loren

YuriSharon
    $2,000 19
El Greco

Yuri
    $1000 15
Mustafa Kemal Ataturk

Yuri
    $1000 11
Indonesia

Yuri
    $1000 6
Intermezzo

Yuri
    $1000 25
Benazir Bhutto

Carsten!
    $1000 20
Albrecht Durer

Carsten!

Scores at the end of the Double Jeopardy! Round:

Yuri Sharon Carsten!
$9,600 $1,400 $10,600

[wagering suggestions for these scores]

Final Jeopardy! Round responses

MOUNTAINS
SharonWhat are the Andies?
$1,400
YuriWhat are the Andes?
$9,500
Carsten!What are The Andes?
$9,000
the Andes (Mount Aconcagua)

Final scores:

Yuri Sharon Carsten!
$19,100 $2,800 $19,600
2nd place: $5,000 3rd place: $5,000 Finalist

Game dynamics:

Coryat scores:

Yuri Sharon Carsten!
$8,400 $1,400 $6,400
22 R
(including 1 DD),
3 W
8 R,
2 W
18 R
(including 2 DDs),
3 W

Combined Coryat: $16,200

The J! Archive is created by fans, for fans. The Jeopardy! game show and all elements thereof, including but not limited to copyright and trademark thereto, are the property of Jeopardy Productions, Inc. and are protected under law. This website is not affiliated with, sponsored by, or operated by Jeopardy Productions, Inc. Join the discussion at JBoard.tv.